<?xml version="1.0" encoding="UTF-8"?>
<record
    xmlns:xsi="http://www.w3.org/2001/XMLSchema-instance"
    xsi:schemaLocation="http://www.loc.gov/MARC21/slim http://www.loc.gov/standards/marcxml/schema/MARC21slim.xsd"
    xmlns="http://www.loc.gov/MARC21/slim">

  <leader>02064agaaa2200313   4500</leader>
  <controlfield tag="001">5948</controlfield>
  <controlfield tag="003">IT-RoPAU</controlfield>
  <controlfield tag="005">20220918181254.0</controlfield>
  <controlfield tag="007">d cvaizq</controlfield>
  <controlfield tag="008">50131s9999||||xx ||| |     ||   ||und||</controlfield>
  <datafield tag="040" ind1=" " ind2=" ">
    <subfield code="a">IT-RoPAU</subfield>
    <subfield code="c">IT-RoPAU</subfield>
  </datafield>
  <datafield tag="041" ind1=" " ind2=" ">
    <subfield code="a">INGLESE</subfield>
  </datafield>
  <datafield tag="100" ind1=" " ind2=" ">
    <subfield code="a">Parker Alan</subfield>
    <subfield code="g">Codice regista SPICS: 11231</subfield>
    <subfield code="9">50246</subfield>
  </datafield>
  <datafield tag="130" ind1=" " ind2=" ">
    <subfield code="a">EVITA</subfield>
    <subfield code="9">50247</subfield>
  </datafield>
  <datafield tag="245" ind1=" " ind2=" ">
    <subfield code="a">EVITA</subfield>
    <subfield code="c">Prodotto da: Parker A. Vajna A. -- Sceneggiatura: Parker Alan Stone Oliver -- Diretto da: Parker Alan</subfield>
    <subfield code="p">EVITA (Rif. Codice opera principale : H5948)</subfield>
  </datafield>
  <datafield tag="250" ind1=" " ind2=" ">
    <subfield code="a">Edizione Standard</subfield>
  </datafield>
  <datafield tag="260" ind1=" " ind2=" ">
    <subfield code="a">(USA)</subfield>
    <subfield code="b">CINERGI PICTURES ENTERTAINMENT / Distribuzione: MEDIAWORLD</subfield>
    <subfield code="g">"1996 (1&#xB0; ed.: 2005 ; Ed. Lingua Orig.: 1996)"</subfield>
  </datafield>
  <datafield tag="300" ind1=" " ind2=" ">
    <subfield code="a">DVD</subfield>
    <subfield code="b">sonoro, col.</subfield>
    <subfield code="c">135 minuti</subfield>
  </datafield>
  <datafield tag="508" ind1=" " ind2=" ">
    <subfield code="a">"Fotografia: Kondji Darius; Montaggio: Hambling Gerry; Musica: Webber Andrew Lloyd; Sceneggiatura: Parker Alan Stone Oliver; Scenografia: Morris Brian; "</subfield>
  </datafield>
  <datafield tag="511" ind1=" " ind2=" ">
    <subfield code="a">"Madonna; Banderas Antoni; Pryce Jonathan; Nail Jimmy; Sus Victoria; Littman Julian"</subfield>
  </datafield>
  <datafield tag="520" ind1=" " ind2=" ">
    <subfield code="a">"NATA IN UNO SPERDUTO VILLAGGIO DELLA PROVINCIA ARGENTINA, EVA DUARTE RIESCE A PASSARE, CON UN'ASCESA VERTIGINOSA, DA UNA CONDIZIONE DI ESTREMA POVERTA' AI VERTICI DEL POTERE. FIGLIA DI UNA CUOCA E DI UN PROPRIETARIO TERRIEROCHE NON VOLLE MAI RICONOSCERLA , RAGGIUNGE PRESTO IL SUCCESSO COME ATTRICERADIOFONICA. FREQUENTA AMBIENTI SOCIALI IMPORTANTI, RIVELANDOSI ABILE E SCALTRA; UNA SCALATA SOCIALE CHE CULMINA NELL'INCONTRO CON IL PRESIDENTE JUANDOMINGO PERON. EVA DIVENTA EVITA, EROINA DI TUTTI I POVERI E GLI OPPRESSI E UNA DELLE DONNE PIU' AMATE DELLA STORIA. CONTENUTI SPECIALI: BIOGRAFIA E FILMOGRAFIA DEL REGISTA E DEGLI INTERPRETI PRINCIPALI."</subfield>
  </datafield>
  <datafield tag="538" ind1=" " ind2=" ">
    <subfield code="a">PAL, STEREO</subfield>
  </datafield>
  <datafield tag="546" ind1=" " ind2=" ">
    <subfield code="a">INGLESE</subfield>
  </datafield>
  <datafield tag="650" ind1=" " ind2=" ">
    <subfield code="a">DRAMMA - MUSICALE</subfield>
    <subfield code="e">DVD-FILM [DVD]</subfield>
    <subfield code="x">Codice MATERIA SPICS: 9947</subfield>
    <subfield code="9">50248</subfield>
  </datafield>
  <datafield tag="700" ind1=" " ind2=" ">
    <subfield code="a">Parker Alan </subfield>
    <subfield code="e">(regista)</subfield>
    <subfield code="g">Codice regista SPICS: 11231</subfield>
    <subfield code="9">50249</subfield>
  </datafield>
  <datafield tag="700" ind1=" " ind2=" ">
    <subfield code="a">Rice Tim </subfield>
    <subfield code="e">(soggetto)</subfield>
    <subfield code="g">Codice Soggetto SPICS: 11116</subfield>
    <subfield code="9">50250</subfield>
  </datafield>
  <datafield tag="700" ind1=" " ind2=" ">
    <subfield code="a">Webber Andrew Lloyd</subfield>
    <subfield code="e">(musica)</subfield>
    <subfield code="g">Codice Musica SPICS: 11199</subfield>
    <subfield code="9">50251</subfield>
  </datafield>
  <datafield tag="942" ind1=" " ind2=" ">
    <subfield code="c">DV</subfield>
    <subfield code="2">ddc</subfield>
  </datafield>
  <datafield tag="999" ind1=" " ind2=" ">
    <subfield code="c">107072</subfield>
    <subfield code="d">107072</subfield>
  </datafield>
  <datafield tag="952" ind1=" " ind2=" ">
    <subfield code="0">0</subfield>
    <subfield code="1">0</subfield>
    <subfield code="4">0</subfield>
    <subfield code="6">H_5948_000000000000000</subfield>
    <subfield code="7">1</subfield>
    <subfield code="a">SPICS</subfield>
    <subfield code="b">SPICS</subfield>
    <subfield code="d">2015-01-31</subfield>
    <subfield code="l">0</subfield>
    <subfield code="o">H5948</subfield>
    <subfield code="r">2015-01-31 00:00:00</subfield>
    <subfield code="w">2015-01-31</subfield>
    <subfield code="y">DV</subfield>
    <subfield code="z">Progr. Ins.: 3353 / N.Vol.:1 / Copie: 1 / Pag.:0 / Copia rara: n.d. / date import: 1.2.2015 / By Epidotti, Trombetti, Vaglietti</subfield>
  </datafield>
</record>
